| 000 | 00843nam a22002175i 4500 | ||
|---|---|---|---|
| 001 | 159799 | ||
| 003 | ES-MaACL | ||
| 005 | 20250820123229.0 | ||
| 008 | 040726s1867 fr a |||| | fre d | ||
| 040 |
_aCAM _bspa _cCAM |
||
| 100 | 1 |
_aMirecourt, Eugène de, _d1812-1880 _9129980 |
|
| 245 | 1 | 0 |
_aMéry / _cpar Eugène de Mirecourt. |
| 260 |
_aParis : _bAchille Faure éditeur, _c1867 ( _eMirecourt : _fTypographie L.-Ph. Costet) |
||
| 300 |
_a71 p., [1] h. de lám. ; _c14 cm. |
||
| 490 | 1 | _aHistoire contemporaine : portraits et silhouettes au XIX\pe\s siécle | |
| 599 | _aLa h. de lám. retrato de Méry. | ||
| 600 | 1 | 4 |
_aMéry, Joseph, _d1797-1866 _980623 |
| 830 | 0 |
_aHistoire contemporaine : portraits et silhouettes au XIX\pe\s siécle _9188243 |
|
| 852 |
_aES-MaACL _jG-14957(7) _z-- Enc. hol. |
||
| 999 |
_c159799 _d159799 |
||